Koncepčný návrh mulčovacej frézy ako prídavné zariadenie pre traktor výkonovej kategórie do 80kW
Uložené v:
| Hlavný autor: | |
|---|---|
| Ďalší autori: | |
| Médium: | Rukopis Kniha |
| Jazyk: | Slovak |
| Vydavateľské údaje: |
2017
|
| Predmet: | |
| On-line prístup: | http://is.stuba.sk/zp/portal_zp.pl?podrobnosti=133079 |
| Tagy: |
Žiadne tagy, Buďte prvý, kto otaguje tento záznam!
|
MARC
| LEADER | 00000ntm a22000003a 4500 | ||
|---|---|---|---|
| 001 | stuzp63626 | ||
| 003 | SK-STU | ||
| 005 | 20170624212815.8 | ||
| 007 | ta | ||
| 008 | 150427s2015----xo-----f-mn---000-0-slo-d | ||
| 040 | |a STU |b slo | ||
| 041 | 0 | |a slo | |
| 100 | 1 | |a Vincze, Adam |u 020030 |4 aut |U SjF Strojnícka fakulta |T SjF Ústav dopravnej techniky a konštruovania |X 76961 |U J0030 |Y 806 |7 76961 | |
| 242 | 0 | 1 | |a Design of a mulcher as an addition equipment to tractors of maximal power 80kW |y eng |
| 245 | 1 | 0 | |a Koncepčný návrh mulčovacej frézy ako prídavné zariadenie pre traktor výkonovej kategórie do 80kW |
| 260 | |c 2017 | ||
| 650 | 4 | |a mulčovacia fréza |2 slo | |
| 650 | 4 | |a prídavné zariadenie |2 slo | |
| 650 | 4 | |a traktor |2 slo | |
| 650 | 4 | |a additional equipment |2 eng | |
| 650 | 4 | |a mulcher |2 eng | |
| 650 | 4 | |a tractor |2 eng | |
| 700 | 1 | |a Slovák, Pavol |u 020030 |k Z1 |4 ths |U SjF Strojnícka fakulta |T SjF Ústav dopravnej techniky a konštruovania |X 2338 |U J0030 |Y 806 |7 A000002338 | |
| 856 | 4 | |u http://is.stuba.sk/zp/portal_zp.pl?podrobnosti=133079 | |
| 996 | |b 284J045214 |c J* DBP/2684 |l JJSK |s A |a 24 |w stuzp63626_0001 | ||